000 00185 a2200097 4500
001 8076
100 _aPalmier, L
245 _aIndonesia
260 _a
_bThames
_c
090 _c6480
_d6480
942 _aNUST-CAE
_cM
_c33023
999 _c243149
_d243149